000 00812cab a2200241 4500
001 ABS47071
008 090401t1992 xxu||||| |||| 00| 0 eng d
035 _a(Sirsi) u60693
041 _aeng
100 _aRowley, J.
245 _aEuropean or national markets for geographic information - a regional perspective
260 _c1992
350 _a0
490 _aMapping Awareness
_v6(7) September 1992, 41-43(3)
520 _aExamines the British view of, and role in, developing European standards for the provision of geographical information, as articulated by the AGI.
650 _aCEN
650 _aCOMITE EUROPEEN DE NORMALISATION
650 _aGIS
690 _aEUROPE-SINGLE MARKET
690 _aMANAGEMENT-BUSINESS MANAGEMENT-INFORMATION MANAGEMENT
942 _n0
948 _c04/03/1997
999 _c37492
_d37492